000 00753nam a2200229 a 4500
001 BRCA_6060
005 20190320205322.0
008 170608s--------mx-a---###---#000-0#spa-#
050 4 _aAM5
_b.E87
100 1 _aEspinosa López, Verónica Soledad
_915298
245 1 0 _aEl papel del diseñador gráfico en la museografía.
260 _aCiudad de México
300 _a69 p.
_bil., diagramas
500 _aEjemplar engargolado
502 _aTesis Licenciatura (Licenciado en Diseño Gráfico) Universidad Iberoamericana
650 1 4 _aMuseografía
_915299
650 1 4 _aMuseos
_9144
700 1 _aVelázquez Morales, Leticia Esthela
_easesor
_915300
700 1 _aSánchez Wainke, Erna Margarita
_easesor
_915301
902 _aTES
942 _2lcc
_cTES
999 _c5747
_d5747